[Event "Titled Tuesday intern op 3rd March"]
[Site "Chess.com INT"]
[Date "2015.03.03"]
[Round "3"]
[White "Johnson, Frank B"]
[Black "Kozhuharov, Spas"]
[Result "0-1"]
[WhiteElo "2191"]
[BlackElo "2449"]
[PlyCount "72"]
[EventDate "2015.03.03"]
[EventType "swiss (blitz)"]
[EventRounds "9"]
[EventCountry "USA"]
[SourceTitle "EXT 2021"]
[Source "ChessBase"]
[SourceDate "2020.10.23"]
[SourceVersion "1"]
[SourceVersionDate "2020.10.23"]
[SourceQuality "1"]

1. e4 c6 2. d4 d5 3. e5 c5 4. Nf3 Bg4 5. dxc5 Nc6 6. Bb5 e6 7. h3 Bxf3 8. Qxf3 Bxc5 9. 0-0 Nge7 10. c4 dxc4 11. Qg4 0-0 12. Qxc4 Qd4 13. Qxd4 Bxd4 14. Nc3 Nxe5 15. Bf4 N7g6 16. Bg3 Rfd8 17. Rab1 Rac8 18. Rfc1 h5 19. Be2 h4 20. Bh2 Bxc3 21. bxc3 Rd2 22. Kf1 b6 23. a4 Nd3 24. Rd1 Rxd1+ 25. Rxd1 Ndf4 26. Bb5 Rxc3 27. Bxf4 Nxf4 28. Kg1 Rc7 29. Rd4 g5 30. Kh2 Kg7 31. g3 hxg3+ 32. fxg3 Rc2+ 33. Kh1 Ne2 34. Bxe2 Rxe2 35. Rd7 a5 36. Rb7 Rb2 0-1

[Event "Titled Tuesday intern op 3rd March"]
[Site "Chess.com INT"]
[Date "2015.03.03"]
[Round "4"]
[White "Kleinman, Michael"]
[Black "Johnson, Frank B"]
[Result "1/2-1/2"]
[WhiteElo "2293"]
[BlackElo "2191"]
[PlyCount "164"]
[EventDate "2015.03.03"]
[EventType "swiss (blitz)"]
[EventRounds "9"]
[EventCountry "USA"]
[SourceTitle "EXT 2021"]
[Source "ChessBase"]
[SourceDate "2020.10.23"]
[SourceVersion "1"]
[SourceVersionDate "2020.10.23"]
[SourceQuality "1"]

1. e4 c6 2. d4 d5 3. exd5 cxd5 4. c4 Nf6 5. Nc3 Nc6 6. Nf3 Bg4 7. cxd5 Nxd5 8. Be2 e6 9. h3 Bh5 10. 0-0 Be7 11. a3 0-0 12. Re1 Bf6 13. Be3 Rc8 14. Rc1 a6 15. Ne4 Nce7 16. Nc5 Rc7 17. Ne5 Bxe2 18. Qxe2 Nf5 19. g4 Nfxe3 20. fxe3 Bg5 21. Qf3 Nxe3 22. h4 Qxd4 23. Qe4 Qxe4 24. Nxe4 Rxc1 25. Rxc1 Bxh4 26. g5 f6 27. gxf6 Bxf6 28. Nxf6+ gxf6 29. Nd7 Rf7 30. Rc8+ Kg7 31. Nc5 Re7 32. Kf2 Nc4 33. Nxe6+ Rxe6 34. Rxc4 Rb6 35. Rc7+ Kg6 36. b4 h5 37. Kf3 Rb5 38. Kf4 b6 39. Rc6 a5 40. bxa5 Rxa5 41. Rxb6 Ra4+ 42. Kg3 Rxa3+ 43. Kf4 Ra4+ 44. Kf3 Ra5 45. Rb8 Kf5 46. Rh8 Ra3+ 47. Kg2 Kg4 48. Rg8+ Kh4 49. Kf2 Ra5 50. Rg6 Rf5+ 51. Kg2 Rf4 52. Rh6 Kg5 53. Rh8 f5 54. Rg8+ Kh4 55. Rh8 Ra4 56. Kf3 Rg4 57. Rh7 Rg6 58. Kf4 Rf6 59. Rh8 Rf7 60. Rh6 Rf8 61. Rh7 Rf6 62. Rh8 Rg6 63. Kxf5 Rg5+ 64. Kf4 Rg4+ 65. Kf3 Ra4 66. Kg2 Ra2+ 67. Kg1 Kg4 68. Rg8+ Kh3 69. Kh1 Ra1+ 70. Rg1 Ra2 71. Rb1 Ra3 72. Kg1 h4 73. Kh1 Rg3 74. Ra1 Rc3 75. Rb1 Kg3 76. Ra1 h3 77. Rg1+ Kh4 78. Ra1 Rf3 79. Rb1 Kg3 80. Rg1+ Kf2 81. Ra1 Re3 82. Kh2 Kf3 1/2-1/2

[Event "Titled Tuesday intern op 24th Febr"]
[Site "Chess.com INT"]
[Date "2015.02.24"]
[Round "4"]
[White "Johnson, Frank B"]
[Black "Lenderman, Aleksandr"]
[Result "0-1"]
[WhiteElo "2191"]
[BlackElo "2614"]
[PlyCount "64"]
[EventDate "2015.02.24"]
[EventType "swiss (blitz)"]
[EventRounds "9"]
[EventCountry "USA"]
[SourceTitle "EXT 2021"]
[Source "ChessBase"]
[SourceDate "2020.10.23"]
[SourceVersion "1"]
[SourceVersionDate "2020.10.23"]
[SourceQuality "1"]

1. e4 e6 2. d4 d5 3. Nc3 Bb4 4. e5 b6 5. a3 Bxc3+ 6. bxc3 Qd7 7. a4 Ba6 8. Bxa6 Nxa6 9. Qd3 Nb8 10. a5 Nc6 11. axb6 cxb6 12. Nf3 Nge7 13. 0-0 h6 14. Ba3 0-0 15. Nd2 Rfc8 16. f4 Na5 17. Bb4 Nc4 18. Nxc4 Rxc4 19. Bxe7 Qxe7 20. f5 exf5 21. Rxf5 Rac8 22. Qf3 Rxc3 23. Qxd5 Rxc2 24. Raf1 Qe6 25. Qf3 Qc4 26. d5 Rc1 27. Rxf7 Qd4+ 28. Kh1 Rxf1+ 29. Qxf1 Qe3 30. d6 Rc1 31. d7 Rxf1+ 32. Rxf1 Qd3 0-1

[Event "Atlanta Southeast op"]
[Site "Atlanta"]
[Date "2014.12.05"]
[Round "1"]
[White "Johnson, Frank B"]
[Black "Zapata, Alonso"]
[Result "0-1"]
[WhiteElo "2191"]
[BlackElo "2465"]
[PlyCount "58"]
[EventDate "2014.12.05"]
[EventType "swiss"]
[EventRounds "5"]
[EventCountry "USA"]
[SourceTitle "CBM 163 Extra"]
[Source "ChessBase"]
[SourceDate "2014.12.23"]
[SourceVersion "1"]
[SourceVersionDate "2014.12.23"]
[SourceQuality "1"]

1. e4 c5 2. Nf3 e6 3. Nc3 a6 4. h3 b5 5. d3 Nc6 6. Ne2 Nf6 7. Bg5 h6 8. Bd2 d5 9. Ng3 Qc7 10. Qe2 Bb7 11. exd5 Nxd5 12. Ne4 Be7 13. g4 Rc8 14. Bg2 Nf4 15. Bxf4 Qxf4 16. Qe3 Qxe3+ 17. fxe3 Nb4 18. Kd2 c4 19. Nc3 cxd3 20. cxd3 Rd8 21. d4 e5 22. Ne2 exd4 23. Nexd4 0-0 24. a3 Nc6 25. Rhg1 Bf6 26. Kd3 Rd6 27. Rad1 Re8 28. Rd2 Na5 29. Re1 Bxf3 0-1